000 00365nam a2200121Ia 4500
005 20251222143258.0
008 251222s9999||||xx |||||||||||||| ||spa||
082 _a324.972.81/A97
100 _aAzpuru, Dinorah
245 0 _aLa Consulta Popular y el Futuro del Proceso de Paz en Guatemala
264 _bWoodrow Wilson International Center for Scholars
942 _cLIB
999 _c15208
_d15208